000 00354nam a2200109Ia 4500
008 171204s9999 xx 000 0 und d
245 _aRevolution of Innovation Management: Volume 1 The Digital Breakthrough:
245 _cAlexander Brem
260 _c2016
650 _xPRINCIPLES OF MANAGEMENT
856 _uhttp://down.ebook777.com/062/9781137574749.pdf
999 _c345741
_d345741